| 000 -LEADER |
| fixed length control field |
00593nam a2200217 a 4500 |
| 008 - FIXED-LENGTH DATA ELEMENTS--GENERAL INFORMATION |
| fixed length control field |
191107t1859 xxka|||g |||| 00| 0 eng d |
| 020 ## - INTERNATIONAL STANDARD BOOK NUMBER |
| International Standard Book Number |
9781784872823 |
| Terms of availability |
Rs. 150.00 |
| 040 ## - CATALOGING SOURCE |
| Original cataloging agency |
IMU Kochi Library |
| Language of cataloging |
eng |
| 041 0# - LANGUAGE CODE |
| Language code of text/sound track or separate title |
eng |
| 044 ## - COUNTRY OF PUBLISHING/PRODUCING ENTITY CODE |
| MARC country code |
United Kingdom |
| 082 04 - DEWEY DECIMAL CLASSIFICATION NUMBER |
| Edition number |
23 |
| Classification number |
823.8 |
| Item number |
D555 |
| 100 1# - MAIN ENTRY--PERSONAL NAME |
| Personal name |
Dickens, Charles |
| 245 10 - TITLE STATEMENT |
| Title |
A Tale of Two Cities / |
| 260 ## - PUBLICATION, DISTRIBUTION, ETC. (IMPRINT) |
| Place of publication, distribution, etc |
London : |
| Name of publisher, distributor, etc |
Vintage (Penguin Random House) , |
| Date of publication, distribution, etc |
1859 |
| 300 ## - PHYSICAL DESCRIPTION |
| Extent |
xi, 404 p. : |
| Other physical details |
ill. ; |
| Dimensions |
18 cm. |
| 650 #0 - SUBJECT ADDED ENTRY--TOPICAL TERM |
| Topical term or geographic name as entry element |
History |
| Form subdivision |
Revolution |
| Geographic subdivision |
France |
| 700 ## - ADDED ENTRY--PERSONAL NAME |
| Personal name |
Phiz |
| Relator term |
Illustrator |
| 852 ## - LOCATION/CALL NUMBER |
| Location |
IMU Kochi Library |
| 904 ## - LOCAL DATA ELEMENT D, LDD (RLIN) |
| CATALOGER |
Akhil Bose |
| 942 ## - ADDED ENTRY ELEMENTS (KOHA) |
| Item type |
Books |